000 00351nam a2200169Ia 4500
100 _aLaxman/R.K
650 _aFiction
942 _cBK
366 _f17.5
654 _abudget
245 _aThe common man balances his budget
260 _bPenquin books
_c2000
082 _a808.83/LAX
_bLAX
300 _a224
546 _aENGLISH
999 _c20215
_d20215